| 000 | 00578cam a2200217ua 4500 | ||
|---|---|---|---|
| 001 | 10661 | ||
| 005 | 20260515114639.0 | ||
| 008 | 190325n ii |||gr||||Z||||||asm | ||
| 020 | _a9788186385791 | ||
| 040 | _cMAIN | ||
| 041 | _aasm | ||
| 082 | _a808.8032 | ||
| 100 |
_aKarabi Deka Hazarika, _eAuthor. |
||
| 245 |
_aNirjon soikatar manimay dinbur _bMaldip bhramanar smriti |
||
| 250 | _a1st ed. | ||
| 260 |
_aGuwahati: _bAssam publishing company, _c2016. |
||
| 300 | _a105p. | ||
| 653 | _aRhetoric & collections of literature | ||
| 653 | _aTravel literature | ||
| 942 | _cBK | ||
| 999 |
_c9622 _d9622 |
||